Tự động hóa hệ thống lạnh
Nội dung gồm bốn phần; Ph.1: Cơ sở kỹ thuật điện; Ph.2: Cơ sở điều khiển điện trong hệ thống lạnh; Ph.3: Tự động hóa hệ thống lạnh; Ph.4: Các dụng cụ và thiết bị tự động ; DT Kỹ thuật điện lạnh...
שמור ב:
| מחבר ראשי: | |
|---|---|
| פורמט: | ספר |
| שפה: | Undetermined |
| יצא לאור: |
H.
Giáo dục
2009
|
| נושאים: | |
| גישה מקוונת: | http://lrc.tdmu.edu.vn/opac/search/detail.asp?aID=2&ID=15366 |
| תגים: |
הוספת תג
אין תגיות, היה/י הראשונ/ה לתייג את הרשומה!
|
| Thư viện lưu trữ: | Trung tâm Học liệu Trường Đại học Thủ Dầu Một |
|---|
| LEADER | 00954nam a2200205Ia 4500 | ||
|---|---|---|---|
| 001 | TDMU_15366 | ||
| 008 | 210410s9999 xx 000 0 und d | ||
| 082 | |a 621.5 | ||
| 090 | |b NG527 | ||
| 100 | |a Nguyễn Đức Lợi | ||
| 245 | 0 | |a Tự động hóa hệ thống lạnh | |
| 245 | 0 | |c Nguyễn Đức Lợi | |
| 260 | |a H. | ||
| 260 | |b Giáo dục | ||
| 260 | |c 2009 | ||
| 300 | |a 319tr. | ||
| 520 | |a Nội dung gồm bốn phần; Ph.1: Cơ sở kỹ thuật điện; Ph.2: Cơ sở điều khiển điện trong hệ thống lạnh; Ph.3: Tự động hóa hệ thống lạnh; Ph.4: Các dụng cụ và thiết bị tự động ; DT Kỹ thuật điện lạnh | ||
| 650 | |a Máy điều hòa không khí; Máy lạnh | ||
| 856 | |u http://lrc.tdmu.edu.vn/opac/search/detail.asp?aID=2&ID=15366 | ||
| 980 | |a Trung tâm Học liệu Trường Đại học Thủ Dầu Một | ||